000 00927nam a2200253 i 4500
001 bg
245 0 0 _aElementy badań operacyjnych w zarządzaniu.
_nT.1 /
_cAndrzej Całczyński [et al. ; red. nauk. Andrzej Całczyński] ; Politechnika Radomska im. K. Pułaskiego.
260 _aRadom :
_bPR,
_c2000.
300 _a301 s. :
_bil. ;
_c23 cm.
650 9 _aBadania operacyjne
_xstosowanie
_xgospodarka
650 9 _aDecyzje
_xgospodarka
650 9 _aZarządzanie
_xteoria
655 _aPodręczniki akademickie
700 1 _aCaŁCZYŃSKI, Andrzej.
710 0 _aPolitechnika Radomska im. Kazimierza Pułaskiego
020 _a8388001426 (2 t.)
040 _cBPK
041 0 _apol
080 _a65.011:519.8](075.8)
920 _a83-88001-42-6 (2 t.)
942 _cKS
008 s pl f |000 0 pol
999 _c44183
_d44183
856 _uhttp://koha.tu.koszalin.pl/cgi-bin/koha/opac-detail.pl?biblionumber=44183
_yKatalog online BPK